Central Library OPAC University of Rajshahi

Contrary music : (Record no. 22481)

MARC details
000 -LEADER
fixed length control field 00805cam a22002651 4500
001 - CONTROL NUMBER
control field 22481
003 - CONTROL NUMBER IDENTIFIER
rucl marc code BD-RjUL
005 - DATE AND TIME OF LATEST TRANSACTION
control field 20211209000819.0
008 - FIXED-LENGTH DATA ELEMENTS--GENERAL INFORMATION
fixed length control field 140308s1963 wiua b 001 0 eng
035 ## - SYSTEM CONTROL NUMBER
System control number (BD-RjUL)22546
System control number (OCoLC)177887
040 ## - CATALOGING SOURCE
Original cataloging agency DLC
Transcribing agency OAU
Modifying agency OCoLC
-- DLC
-- BD-RjUL
Language of cataloging eng
041 ## - LANGUAGE CODE
Language code of text/sound track or separate title eng
082 ## - DEWEY DECIMAL CLASSIFICATION NUMBER
Classification number 825.3
Author mark and year WEC
100 1# - MAIN ENTRY--PERSONAL NAME
Personal name Webber, Joan.
9 (RLIN) 69428
245 10 - TITLE STATEMENT
Title Contrary music :
Remainder of title the prose style of John Donne /
Statement of responsibility, etc. Joan Webber
260 ## - PUBLICATION, DISTRIBUTION, ETC. (IMPRINT)
Place of publication, distribution, etc. Madison :
Name of publisher, distributor, etc. University of Wisconsin Press,
Date of publication, distribution, etc. 1963.
300 ## - PHYSICAL DESCRIPTION
Pagination 227 p. :
Illustrations illus. ;
Size 25 cm.
504 ## - BIBLIOGRAPHY, ETC. NOTE
Bibliography, etc Includes bibliography and index.
600 10 - SUBJECT ADDED ENTRY--PERSONAL NAME
Personal name Donne, John,
Dates associated with a name 1572-1631
General subdivision Literary style.
Personal name Donne, John,
Dates associated with a name 1572-1631
General subdivision Prose.
942 ## - ADDED ENTRY ELEMENTS (KOHA)
Source of classification or shelving scheme Dewey Decimal Classification
Koha item type Books
Holdings
Lost status Source of classification or shelving scheme Damaged status Not for loan Collection code Permanent Location Current Location Shelving location Date acquired Source of acquisition Cost, normal purchase price Total Checkouts Full call number Date last seen Copy number Koha item type
  Dewey Decimal Classification   Added to bundle Fiction Central Library, University of Rajshahi Central Library, University of Rajshahi Reading Room 18/10/1965 Black well 44.00   825.3 WEC 1963 08/03/2014 C-1 Books